h1

h2

h3

h4

h5
h6
000968578 001__ 968578
000968578 005__ 20250507114048.0
000968578 0247_ $$2ISBN$$a978-3-031-43403-7
000968578 0247_ $$2ISBN$$a978-3-031-43404-4
000968578 0247_ $$2ISBN$$a978-3-031-43405-1
000968578 0247_ $$2ISSN$$a0302-9743
000968578 0247_ $$2ISSN$$a1611-3349
000968578 0247_ $$2SCOPUS$$aSCOPUS:2-s2.0-85173581608
000968578 0247_ $$2WOS$$aWOS:001156975300002
000968578 0247_ $$2doi$$a10.1007/978-3-031-43404-4_2
000968578 037__ $$aRWTH-2023-08659
000968578 041__ $$aEnglish
000968578 1001_ $$0P:(DE-82)IDM04400$$aHensen, Benedikt$$b0$$eCorresponding author$$urwth
000968578 1112_ $$aInternational Conference on eXtended Reality 2023$$cLecce$$d2023-09-06 - 2023-09-09$$gXR Salento 2023$$wItaly
000968578 245__ $$aA Systematic Literature Review of Mixed Reality Learning Approaches$$honline, print
000968578 250__ $$a1st ed. 2023
000968578 260__ $$aCham$$bSpringer International Publishing AG$$c2023
000968578 29510 $$aExtended Reality : International Conference, XR Salento 2023, Lecce, Italy, September 6-9, 2023, Proceedings, Part II / Lucio Tommaso De Paolis, Pasquale Arpaia, Marco Sacco
000968578 300__ $$a15-34
000968578 3367_ $$033$$2EndNote$$aConference Paper
000968578 3367_ $$0PUB:(DE-HGF)7$$2PUB:(DE-HGF)$$aContribution to a book$$mcontb
000968578 3367_ $$0PUB:(DE-HGF)8$$2PUB:(DE-HGF)$$aContribution to a conference proceedings$$bcontrib$$mcontrib$$s1694079322_27231
000968578 3367_ $$2BibTeX$$aINPROCEEDINGS
000968578 3367_ $$2DRIVER$$aconferenceObject
000968578 3367_ $$2DataCite$$aOutput Types/Conference Paper
000968578 3367_ $$2ORCID$$aCONFERENCE_PAPER
000968578 4900_ $$aLecture Notes in Computer Science$$v14219
000968578 536__ $$0G:(BMBF)16DHB2213$$aBMBF 16DHB2213 - Verbundprojekt: Personalisierte Kompetenzentwicklung und hybrides KI-Mentoring - tech4compKI; Teilvorhaben: Verteilte Datenanalyse zur Bestimmung von Personmerkmalen (16DHB2213)$$c16DHB2213$$x0
000968578 588__ $$aDataset connected to CrossRef Book Series, Journals: publications.rwth-aachen.de
000968578 591__ $$aGermany
000968578 8564_ $$uhttps://publications.rwth-aachen.de/record/968578/files/968578.pdf$$yRestricted
000968578 9101_ $$0I:(DE-588b)36225-6$$6P:(DE-82)IDM04400$$aRWTH Aachen$$b0$$kRWTH
000968578 9151_ $$0StatID:(DE-HGF)0031$$2StatID$$aPeer reviewed article$$x0
000968578 915__ $$0StatID:(DE-HGF)0200$$2StatID$$aDBCoverage$$bSCOPUS$$d2020-08-25
000968578 915__ $$0StatID:(DE-HGF)0420$$2StatID$$aNationallizenz$$d2020-08-25$$wger
000968578 9201_ $$0I:(DE-82)124510_20160614$$k124510$$lLehrstuhl für Informatik 5 (Informationssysteme und Datenbanken)$$x0
000968578 9201_ $$0I:(DE-82)120000_20140620$$k120000$$lFachgruppe Informatik$$x1
000968578 961__ $$c2023-09-07T11:40:51.605185$$x2023-09-07T11:40:51.605185$$z2023-09-08
000968578 980__ $$aI:(DE-82)120000_20140620
000968578 980__ $$aI:(DE-82)124510_20160614
000968578 980__ $$aUNRESTRICTED
000968578 980__ $$aVDBINPRINT
000968578 980__ $$acontb
000968578 980__ $$acontrib